000 nam a22 7a 4500
999 _c7830
_d7830
008 171026b xxu||||| |||| 00| 0 eng d
100 _aBontrager Kenneth L
_94304
245 _aTextbook of Radiographic and Related Anatomy
250 _a7th edition
260 _aChina
_bMosby elsever Publication